100 najlepszych piłkarzy w najnowszej aktualizacji w FC26 - Statystyki

Ogólne statystyki
  • Ten quiz został rozwiązany 32 razy
  • Średni wynik to 35 z 100
Statystyki odpowiedzi
overall klub piłkarz % Poprawnych
91 manchester city haaland
92%
91 real madryt mbappe
92%
90 PSG dembele
88%
89 barcelona yamal
88%
90 bayern monachium kane
79%
86 barcelona lewandowski
75%
90 barcelona pedri
75%
90 PSG vitinha
75%
89 real madryt bellingham
67%
90 real madryt courtois
67%
86 inter miami messi
63%
87 arsenal saka
63%
89 liverpool salah
63%
89 real madryt valverde
63%
88 bayern monachium olise
58%
89 barcelona raphinha
58%
88 inter mediolan martinez
54%
85 aston villa martinez
54%
89 manchester city rodri
54%
86 atletico madryt alvarez
50%
89 bayern monachium kimmich
50%
87 PSG neves
50%
85 al hilal neves
50%
88 arsenal rice
50%
85 al nassr ronaldo
50%
88 liverpool van dijk
50%
89 real madryt vini jr.
50%
85 PSG doue
46%
86 chelsea palmer
46%
87 napoli de bruyne
42%
89 manchester city donnaruma
42%
88 bayern monachium musiala
42%
86 arsenal odegaard
42%
88 arsenal saliba
42%
87 bayern monachium tah
42%
86 bayern monachium upamecano
42%
88 liverpool alisson
38%
84 PSG barcola
38%
87 bayern monachium diaz
38%
88 manchester united fernandes
38%
85 chelsea fernandez
38%
89 PSG hakimi
38%
87 liverpool isak
38%
87 PSG kvaratskhelia
38%
87 PSG marquinhos
38%
88 PSG mendes
38%
87 galatasaray osimhen
38%
87 arsenal raya
38%
87 liverpool wirtz
38%
88 inter mediolan barella
33%
87 inter mediolan bastoni
33%
87 barcelona de jong
33%
87 manchester city dias
33%
85 manchester city foden
33%
86 barcelona garcia
33%
86 barcelona kounde
33%
88 atletico madryt oblak
33%
89 arsenal gabriel
29%
86 arsenal gyokeres
29%
85 liverpool konate
29%
86 napoli McTominay
29%
87 PSG pacho
29%
85 PSG ruiz
29%
88 chelsea caicedo
25%
86 newcastle guimaraes
25%
85 inter mediolan thuram
25%
85 newcastle tonali
25%
85 al hilal benzema
21%
86 inter mediolan calhanoglu
21%
86 liverpool mac alister
21%
86 liverpool szoboszlai
21%
85 arsenal zubimendi
21%
85 real madryt arnold
17%
84 manchester city cherki
17%
86 inter mediolan dimarco
17%
85 manchester city gvardiol
17%
86 BVB kobel
17%
87 ac milan maignan
17%
86 BVB schlotterbeck
17%
85 as roma dybala
13%
85 liverpool ekitike
13%
86 liverpool gravenberch
13%
85 BVB guirassy
13%
85 manchester united mbeumo
13%
85 manchester city reijnders
13%
85 bayer leverkusen schick
13%
84 arsenal timber
13%
85 atletic bilbao williams
13%
86 juventus bremer
8%
85 bayer leverkusen grimaldo
8%
86 inter mediolan sommer
8%
85 sunderland xhaka
8%
85 chelsea cucurella
4%
85 al hilal milinkovic savic
4%
85 AC milan pulisic
4%
84 aston villa rogers
4%
85 aston villa tielemans
4%
85 atalanta carnesecchi
0%
85 RB leipzig gulacsi
0%
85 atletico madryt llorente
0%
Nie znaleziono quizów pasujących do podanych kryteriów
Rozkład punktacji
Procent ludzi z każdym wynikiem
Percentyl według liczby udzielonych odpowiedzi
Twoja historia wyników
Nie rozwiązałeś tego quizu